Community guidelines for accessing forestry voluntary carbon markets.

Bibliographic Details
Other Authors: Pohnan, Erica, Trines, Eveline, Vickers, Ben
Format: Book
Published: Bangkok : Food & Agriculture Organization of the United Nations Regional Office for Asia and the Pacific. , 2012.
Subjects:

MARC

LEADER 00000cam a2200000 7i4500
001 0000004011
005 20131024.0
020 0 0 |a 9789251073223 
090 0 0 |a 338.1   |b CAR 2012 
245 1 0 |a Community guidelines for accessing forestry voluntary carbon markets. 
260 0 0 |a Bangkok :   |b Food & Agriculture Organization of the United Nations Regional Office for Asia and the Pacific. ,   |c 2012. 
300 |a xixi, 196 p. :   |b ill. ;   |c 21 cm. 
550 |a RAP Publication ; 2012/16 
650 0 0 |a Carbon offsetting---Asia 
650 0 0 |a Forest management---Environmental aspects---Asia 
650 0 0 |a Forest management---Environmental aspects---Pacific area 
700 1 1 |a Pohnan, Erica 
700 1 1 |a Trines, Eveline. 
700 1 1 |a Vickers, Ben 
998 |a JPSM 
999 |a 007826   |b Monograph   |c Open Shelf   |e Default branch